Stemmi Squadre di calcio dal dettaglio - Quiz n°29 - Statistics

Statistiche generali
  • Questo quiz è stato fatto 5 volte
  • Il punteggio medio è 6 su 10
Statistiche sulle risposte
con Immagini Risposta % Corretto
Bologna
100%
Liverpool
100%
Derby County
80%
Manchester United
80%
Osasuna
80%
Boavista
60%
Real Valladolid
60%
Cruzeiro
40%
Coritiba
20%
Norwich City
20%
Nessun quiz corrispondente trovato
Distribuzione punteggi
Percentuale di utenti per punteggio
Percentile per numero di risposta
I tuoi punteggi nel tempo
Non hai fatto questo quiz